Từ điển nhân vật lịch sử Việt Nam

Nội dung quyển từ điển giới thiệu phần lớn các tác phẩm của các học giả, tác giả từ trước cho đến ngày họ mất. Trong sách một số nhân vật vẫn còn sống và còn thiếu ít một số nhân vật khác chưa có đủ điều kiện giới thiệu....

Descripció completa

Guardat en:
Dades bibliogràfiques
Autor principal: Nguyễn, Quyết Thắng
Format: Llibre
Idioma:Undetermined
Publicat: Hà Nội Văn Hóa 1999
Matèries:
Etiquetes: Afegir etiqueta
Sense etiquetes, Sigues el primer a etiquetar aquest registre!
Thư viện lưu trữ: Trung tâm Học liệu Trường Đại học Cần Thơ
LEADER 00969nam a2200205Ia 4500
001 CTU_64179
008 210402s9999 xx 000 0 und d
020 |b 120000 
082 |a 920.0597 
082 |b Th116 
100 |a Nguyễn, Quyết Thắng 
245 0 |a Từ điển nhân vật lịch sử Việt Nam 
245 0 |c Nguyễn Quyết Thắng, Nguyễn Bá Thế 
260 |a Hà Nội 
260 |b Văn Hóa 
260 |c 1999 
520 |a Nội dung quyển từ điển giới thiệu phần lớn các tác phẩm của các học giả, tác giả từ trước cho đến ngày họ mất. Trong sách một số nhân vật vẫn còn sống và còn thiếu ít một số nhân vật khác chưa có đủ điều kiện giới thiệu. 
650 |a Names, personal 
904 |i Minh 
980 |a Trung tâm Học liệu Trường Đại học Cần Thơ